书目信息 |
| 题名: |
看懂货币
|
|
| 作者: | 陈思进 , 金蓓蕾 著 | |
| 分册: | ||
| 出版信息: | 北京 东方出版社 2013 |
|
| 页数: | 266页 | |
| 开本: | 24cm | |
| 丛书名: | ||
| 单 册: | ||
| 中图分类: | F821.9 | |
| 科图分类: | ||
| 主题词: | 货币史--世界 , 货币史 | |
| 电子资源: | ||
| ISBN: | 978-7-5060-6047-9 | |
| 000 | 01106nam0 2200277 450 | |
| 001 | 523 | |
| 005 | 20140909101752.60 | |
| 010 | @a978-7-5060-6047-9@dCNY39.80 | |
| 100 | @a20131209d2013 em y0chiy50 ea | |
| 101 | 0 | @achi |
| 102 | @aCN@b110000 | |
| 105 | @aa z 000yy | |
| 106 | @ar | |
| 200 | 1 | @a看懂货币@AKan Dong Huo Bi@dMoney@e图文版@ETu Wen Ban@f陈思进,金蓓蕾著@FChen Si Jin, Jin Bei Lei Zhu@zeng |
| 210 | @a北京@c东方出版社@d2013 | |
| 215 | @a266页@c图,照片@d24cm | |
| 300 | @a央视大型纪录片《货币》实践指导书 | |
| 330 | @a本书从货币的源起开始,谈到货币的发展和崛起,重点探讨了货币的本质,货币与黄金的关系,美联储与世界货币体系,美元、欧元与人民币三足鼎立,货币的灾难和未来新动向。书中还对货币与政治、经济、文化以及社会运行秩序之间的关系进行了一次较为全面深入的梳理,以一种开放、通俗、生动的方式来解读货币。 | |
| 510 | 1 | @aMoney@zeng |
| 606 | 0 | @a货币史@y世界 |
| 606 | 0 | @a货币史 |
| 690 | @aF821.9@v5 | |
| 701 | 0 | @c(加)@a陈思进@AChen Si Jin@f(1958~)@4著 |
| 701 | 0 | @a金蓓蕾@AJin Bei Lei@c(财经记者)@4著 |
| 801 | 0 | @aCN@bTANGWEI@c20140603 |
| 905 | @b0841727-29@dF821.9@e70@f3 | |
| 看懂货币=Money:图文版/陈思进,金蓓蕾著.-北京:东方出版社,2013 |
| 266页:图,照片;24cm |
| 央视大型纪录片《货币》实践指导书 |
| ISBN 978-7-5060-6047-9:CNY39.80 |
| 本书从货币的源起开始,谈到货币的发展和崛起,重点探讨了货币的本质,货币与黄金的关系,美联储与世界货币体系,美元、欧元与人民币三足鼎立,货币的灾难和未来新动向。书中还对货币与政治、经济、文化以及社会运行秩序之间的关系进行了一次较为全面深入的梳理,以一种开放、通俗、生动的方式来解读货币。 |
| ● |
| 相关链接 |
|
|
|
|
正题名:看懂货币
索取号:F821.9/70
 
预约/预借
| 序号 | 登录号 | 条形码 | 馆藏地/架位号 | 状态 | 备注 |
| 1 | 0841727 | 208417275 | 第一样本阅览室/ [索取号:F821.9/70] | 在馆 | |
| 2 | 0841728 | 208417284 | 经管系资料室/ [索取号:F821.9/70] | 在馆 | |
| 3 | 0841729 | 208417293 | 第一借阅区/ [索取号:F821.9/70] | 在馆 |